Великани или Кодекса на гигантите (Запис номер 194358)
[ съкратено ]
| 000 -Лидер | |
|---|---|
| Контролно поле с фиксирана дължина | 01884nam a2200421 a 4500 |
| 003 - Код на организацията, давaща контролен номер | |
| Контролно поле | BLK |
| 005 - Дата и час на последна редакция | |
| Контролно поле | 20230623170505.0 |
| 008 - Елементи от данни с фиксирана дължина | |
| fixed length control field | 180411b bul|||||r ||||||| ||bul|| |
| 010 ## - Наследен системен номер | |
| LC control number | KNG00203584000 |
| 020 ## - Международен стандартен номер на книга ISBN | |
| Международен стандартен номер на книга ISBN | 978-954-8999-26-7 |
| 040 ## - Източник на каталожния запис | |
| Идентификатор на билиотеката - собственик на записа | BLK |
| 041 ## - Код за език | |
| Код за езика на текст/звукозапис или на отделно заглавие | Български |
| Код за езика КДБФ | Български |
| 072 #7 - Код за тематичната категория | |
| Код организация | bullib |
| Код за тематична категория | Н86 |
| Текст | Детска отраслова литература Н |
| 080 ## - УДК | |
| Текстов определител УДК | Свръхсетивен свят. Шаманизъм. Духове, магьосници, дракони, великани и др. |
| УДК код - определител по УДК | 398.4 |
| УДК - код + определител | 398.4 |
| 080 ## - УДК | |
| Текстов определител УДК | Издания за деца и юноши. Книжки-картинки. Читанки. Вж и 372.4 |
| УДК код - определител по УДК | 087.5 |
| УДК - код + определител | 087.5 |
| 100 1# - Редна дума - Автор | |
| Автор | Бърк, Ари |
| Авторска отговорност | първи автор |
| R(LIN) | 335149 |
| 139 ## - Редно поле | |
| Редна дума | Бърк, Ари |
| Авторски знак | Бър - Б 93 |
| 245 10 - Сведения за заглавието | |
| Заглавие | Великани или Кодекса на гигантите |
| Редно поле (дума) | Ари Бърк; прев. Благовест Моллов. |
| 257 ## - Страна на издаване | |
| Страна на създаване/издаване | България |
| 260 ## - Област на издателските данни | |
| Място на издаване, разпространение и проч. | София |
| Име на издателя, разпространителя и проч. | Атеа Букс |
| Година на издаване | 2011 |
| Печатница | Отпеч. в Китай |
| 300 ## - Физическа характеристика | |
| Страници | 30 с. |
| Илюстрации и др. | с ил. |
| Размери/Мащаб | 19Х28 см |
| 380 ## - Жанр | |
| Жанр | Детска отраслова лит. |
| 490 ## - СЕРИИ (Колекции) | |
| Име на серия | Да паднеш от страх! |
| №: серия | 11 |
| 9 (RLIN) | 205028 |
| 500 ## - Общи забележки | |
| Забележка | Ориг. загл.: The secret histories - giants / Ari Berk. - Загл. на кор.: Великани. - Името на прев. отбелязано в изд. каре |
| 650 #4 - Допълнително описание по предмет – тема | |
| Основно описание – тема или топоним | Същества от митологията, фолклора и легендите |
| 9 (RLIN) | 173072 |
| 653 ## - Ключова дума – ненормативна | |
| Ключова дума | великани |
| 653 ## - Ключова дума – ненормативна | |
| Ключова дума | фантастични създания |
| 659 ## - Тематичен бюлетин | |
| Тематичен бюлетин | Н |
| 700 1# - Други автори (авторска отговорност) | |
| Лично име | Моллов, Благовест Сотиров |
| Автороска отговорност (Описва отношението между автора и произведението) | прев. |
| 9 (RLIN) | 373617 |
| 852 ## - Местоположение | |
| Форматна сигнатура | Цб 284796 |
| 856 4# - Електронен адрес и достъп | |
| Електронен формат | pdf - файл |
| 856 4# - Електронен адрес и достъп | |
| Електронен формат | pdf - файл |
| 999 ## - СИСТЕМНИ КОНТРОЛНИ НОМЕРА | |
| Koha biblionumber | 194358 |
| Koha biblioitemnumber | 194358 |
| 942 ## - АРТИКУЛИ | |
| Вид на библиотечния материал | Книги |
| Скрит в OPAC | Не |
| Периодичен библиозапис | Да |
| Koha issues (borrowed), all copies | 1 |
| 944 ## - СЪЗДАВАНЕ И РЕДАКЦИЯ на ЗАПИСА | |
| Създаване/Редакция | Създаване |
| Дата на регистрацията/редакция | 20.03.2017 |
| Служител, извършил регистрацията/редакцията | Виолета_Тройчева |
| 944 ## - СЪЗДАВАНЕ И РЕДАКЦИЯ на ЗАПИСА | |
| Създаване/Редакция | Редакция |
| Дата на регистрацията/редакция | 21.03.2017 |
| Служител, извършил регистрацията/редакцията | Пенка_Димитрова |
| 999 ## - СИСТЕМНИ КОНТРОЛНИ НОМЕРА | |
| Koha biblioitemnumber | 194358 |
| 999 ## - СИСТЕМНИ КОНТРОЛНИ НОМЕРА | |
| Koha biblioitemnumber | 194358 |
| Код за отписване | Код за изгубен артикул | Код за повреда | Коз за рестрикции | Код за отдаване | Артикулен № | Име на библиотеката - собственик | Име на библиотеката, в която се намира в момента | Статус (Текущо местоположение) | Дата на вписване в системата | Местоположение - отдел | Цена в лева | Инвентарен номер | Систематично азбучна сигнатура | Баркод | Номер на екземпляра | Цена в евро | Служебна бележка | Служебен тип на артикула | Източник на класификационната схема |
|---|---|---|---|---|---|---|---|---|---|---|---|---|---|---|---|---|---|---|---|
| Не е изгубен | Не е повреден | без рестрикции | ползва се в читалня | 339935 | Регионална библиотека "Любен Каравелов" Русе | Регионална библиотека "Любен Каравелов" Русе | Хранилище | 2017-03-21 | Хранилище | 14.00 | 120000809226 | Цб 284796 | 120000809226 | 1 | 7.16 | Дост: Dp Вид: Д N: 8 Дата: 06.02.2017 | Книги | ||
| Не е изгубен | Не е повреден | без рестрикции | заемане за дома | 837389 | Регионална библиотека "Любен Каравелов" Русе | Регионална библиотека "Любен Каравелов" Русе | Детски отдел | 2021-06-17 | Детски отдел | 14.00 | 39/Б 93 | 120000856629 | 7.16 | Книги | Universal Decimal Classification |